Online
Catalog

Filosofía española del siglo XVI, su influencia en Santo Domingo. (Record no. 31975)

MARC details
000 -CABECERA
campo de control de longitud fija 00355nam a2200109 a 4500
005 - FECHA Y HORA DE LA ÚLTIMA TRANSACCIÓN
campo de control 20200930065650.0
008 - DATOS DE LONGITUD FIJA--INFORMACIÓN GENERAL
campo de control de longitud fija 110718s1955 000 spa d
040 ## - FUENTE DE LA CATALOGACIÓN
Centro catalogador/agencia de origen DO-SdBNP
100 ## - ENTRADA PRINCIPAL--NOMBRE DE PERSONA
Nombre de persona Sanchez, Juan Francisco
9 (RLIN) 7332
245 #0 - MENCIÓN DE TÍTULO
Título Filosofía española del siglo XVI, su influencia en Santo Domingo.
260 ## - PUBLICACIÓN, DISTRIBUCIÓN, ETC.
Lugar de publicación, distribución, etc. Ciudad Trujillo, República Dominicana,
Fecha de publicación, distribución, etc. 1955.

No items available.

Powered by Koha